000 00641nam a22002417a 4500
003 UA-OsUOA
001 124744
007 ta
008 20170823b un ||||| |||| 00| 0 ukr d
100 _aМірошниченко М.
090 _a821.161.2
_bМ71
942 _cBK
040 _aUA-OsUOA
_bukr
_cUA-OsUOA
_dUA-OsUOA
245 _aОко
_bпоезії
300 _a143 с.
955 _a3
041 _aukr
080 _a821.161.2
020 _a5-333-00326-2
260 _aК.
_bРадянський письменник
_c1989
650 7 _a82 Література. Літературознавство
_2UDC
999 _c411910
_d411910